Southville International School and Colleges
Your cart is empty.
  • Cart
  • Lists
    Public lists Eva Luna New books Lux_list list_1
    Your lists Log in to create your own lists
  • Log in to your account
  • Your cookies
  • Search history
Southville International School and Colleges
  • Advanced search
  • Recent comments
  • Most popular
  • Libraries

Log in to your account

Log in with GOOGLE


If you do not have an external account, but do have a local account, you can still log in:

  1. Home
  2. MARC view: Acing online assessment :
Normal view MARC view ISBD view

Acing online assessment : (Record no. 366942)

[ view plain ]
MARC details
000 -LEADER
fixed length control field 00930nam a22002537a 4500
003 - CONTROL NUMBER IDENTIFIER
control field 0
005 - DATE AND TIME OF LATEST TRANSACTION
control field 20250109090305.0
008 - FIXED-LENGTH DATA ELEMENTS--GENERAL INFORMATION
fixed length control field 250109b xxu||||| |||| 00| 0 eng d
020 ## - INTERNATIONAL STANDARD BOOK NUMBER
International Standard Book Number 978-1-5297-7189-3
050 ## - LIBRARY OF CONGRESS CALL NUMBER
Classification number LB 1028.3
Item number .B43 2022
100 ## - MAIN ENTRY--PERSONAL NAME
Personal name Becker, Lucinda
Relator term author.
245 ## - TITLE STATEMENT
Title Acing online assessment :
Remainder of title your guide to success /
Statement of responsibility, etc Lucinda Becker ; Felicity Becker ; Anastasia Becker.
260 ## - PUBLICATION, DISTRIBUTION, ETC. (IMPRINT)
Place of publication, distribution, etc Thousand Oaks, California :
Name of publisher, distributor, etc SAGE Publications Inc.
300 ## - PHYSICAL DESCRIPTION
Extent viii, 180 p. ;
Dimensions 25 cm.
504 ## - BIBLIOGRAPHY, ETC. NOTE
Bibliography, etc Includes bibliographical references and index.
650 ## - SUBJECT ADDED ENTRY--TOPICAL TERM
Topical term or geographic name as entry element Computer-assisted instruction
Form subdivision Evaluation.
650 ## - SUBJECT ADDED ENTRY--TOPICAL TERM
Topical term or geographic name as entry element Internet in higher education.
650 ## - SUBJECT ADDED ENTRY--TOPICAL TERM
Topical term or geographic name as entry element Computer-assisted instruction.
650 ## - SUBJECT ADDED ENTRY--TOPICAL TERM
Topical term or geographic name as entry element Educational tests and measurements
Form subdivision Data processing.
650 ## - SUBJECT ADDED ENTRY--TOPICAL TERM
Topical term or geographic name as entry element Examinations
Form subdivision Study guides.
700 ## - ADDED ENTRY--PERSONAL NAME
Personal name Becker, Felicity
Relator term author.
700 ## - ADDED ENTRY--PERSONAL NAME
Personal name Becker, Anastasia
Relator term author.
942 ## - ADDED ENTRY ELEMENTS (KOHA)
Source of classification or shelving scheme Library of Congress Classification
Koha item type Books
Holdings
Withdrawn status Lost status Source of classification or shelving scheme Damaged status Home library Current library Shelving location Date acquired Source of acquisition Sub Shelving location Total Checkouts Full call number Barcode Date last seen Price effective from Koha item type
    Library of Congress Classification   College Library College Library Reserve Section 01/09/2025 Library Fund     LB 1028.3 .B43 2022 C23941 01/09/2025 01/09/2025 Books

Acing online assessment :

APA

Becker L., Becker F. & Becker A.Acing online assessment. Thousand Oaks, California: SAGE Publications Inc.

Chicago

Becker Lucinda, Becker Felicity and Becker Anastasia.Acing online assessment. Thousand Oaks, California: SAGE Publications Inc.

Harvard

Becker L., Becker F. and Becker A.Acing online assessment. Thousand Oaks, California: SAGE Publications Inc.

MLA

Becker Lucinda, Becker Felicity and Becker Anastasia.Thousand Oaks, California: SAGE Publications Inc. .

  • Place hold
  • Print
  • Cite
  • Add to your cart (remove)
  • Save record
    BIBTEX Dublin Core MARCXML MARC (non-Unicode/MARC-8) MARC (Unicode/UTF-8) MARC (Unicode/UTF-8, Standard) MODS (XML) RIS
  • More searches
    Search for this title in:
    Other Libraries (WorldCat) Other Databases (Google Scholar) Online Stores (Bookfinder.com) Open Library (openlibrary.org)

Exporting to Dublin Core...

SOUTHVILLE LIBRARY

Southville International School and Colleges Library

1281 Tropical Ave. Cor. Luxembourg St., BF Homes International, Las Pinas City

Tel. No. 8256374 / 252358 Loc. 117/146

Powered by Koha